[Event "Norway Chess 5th"]
[Site "Stavanger"]
[Date "2017.06.11"]
[Round "5"]
[White "Kramnik, Vladimir"]
[Black "Nakamura, Hikaru"]
[Result "1/2-1/2"]
[WhiteElo "2808"]
[BlackElo "2785"]
[Annotator "Hillarp Persson,T"]
[PlyCount "98"]
[EventDate "2017.06.06"]
[EventType "tourn"]
[EventRounds "9"]
[EventCountry "NOR"]
[EventCategory "22"]
[SourceTitle "CBM 179"]
[Source "ChessBase"]
[SourceDate "2017.07.12"]
[SourceVersion "1"]
[SourceVersionDate "2017.07.12"]
[SourceQuality "1"]

1. e4 c5 2. Nf3 d6 3. Nc3 {The point of this move is to get Black to put the
knight on f6 before playing d4. In this way White avoids some of Black's most
popular antidotes.} (3. d4 cxd4 4. Qxd4 {and Black has three main options:} a6
(4... Nc6 5. Bb5 Bd7 {(Compare this position to the one that arises after 5...
Nc6 later.)} 6. Qd3 {is one of those awkward lines that are aimed at getting a
Maroczy setup, even at the price of playing some strange moves.} (6. Bxc6 Bxc6
7. Nc3 {, is similar to the game, but here Black can also play} h6 {,
intending e7-e5 and Nf6.}) 6... g6 7. O-O Bg7 8. c4 Nf6 9. Nc3 O-O 10. h3 a6
11. Bxc6 Bxc6 12. Nd4 {could be called a tabiya.}) (4... Nf6 {has become more
popular lately and White usually continues} 5. Bb5+ Bd7 6. c4 $5 (6. Bxd7+ Qxd7
7. c4 Nc6 8. Qd3 Qg4 9. Nc3 (9. O-O Qxe4 10. Qb3 Rb8 $2 (10... Ne5 $1 {and
White has little to show for having squandered the centre.}) 11. Nc3 $36 {
Bozinovic,B (1969)-Vucinic,G (2294) Veliko Gradiste 2016}) 9... Qxg2 10. Rf1
Rc8 {Carlsen,M (2855)-Vachier Lagrave,M (2789) Leuven 2016, was good for Black.
}) 6... g6 7. Nc3 Bg7 8. O-O O-O 9. Qd3 {with another typical Maroczy/
Bb5+-Sicilian.}) 5. c4 Nc6 6. Qe3 $5 {The
let's-put-the-queen-on-a-strange-square has gone so far that "strange" has
aquired a different meaning. If it works it is good and work it does.} g6 7. h3
Bh6 8. Qc3 Qa5 9. Qxa5 Nxa5 10. Bxh6 Nxh6 11. Nc3 Be6 12. b3 (12. Nd5 $1) 12...
O-O 13. Nd4 Nc6 14. Nxe6 $2 fxe6 $15 {0-1 (49) Muzychuk,M (2528)-Edouard,R 
(2636) Cap d'Agde 2015}) 3... Nf6 ({After} 3... a6 $5 {White's only decent way
to avoid the Najdorf is} 4. g3 $5 {when Black can choose between a Dragon
setup and a more traditional Taimanov- or Najdorf-fianchetto.}) 4. d4 cxd4 5.
Qxd4 a6 ({White is hoping for} 5... Nc6 6. Bb5 Bd7 7. Bxc6 Bxc6 8. Bg5 e6 9.
O-O-O {which is a whole different ball game. The last I checked, theory seemed
to agree that Black is all right here, but with the rise of the machines it is
quite possible that this verdict has changed.} Be7 10. Qd3 {[%cal Gf3d4]} Qa5
11. h4 {leads to a sharp game, but whether it is balanced I don't know.}) 6. e5
$1 {Otherwise Black gets a perfect Sicilian with Nc6 on the next move.} Nc6 7.
Qa4 dxe5 8. Nxe5 Bd7 9. Nxd7 Qxd7 {White has gained the bishop pair, but Black
has a harmonious position and develops fast. Intuitively I would not evaluate
this position as "better for White", as my silicon friend does, but the more I
look at it the more I feel that I perhaps should.} 10. Bd2 {A logical move
that paves the way for 0-0-0, but there is also something to be said for the
alternative, more positional way:} (10. Be3 {White is aiming to play g3, Bg2,
Rd1 and then take it from there. Black cannot sit idly by and wait, but needs
to find a way to derail White's effort.} e6 (10... g6 $6 11. Rd1 Qc7 12. g3 Bg7
13. Bg2 O-O 14. O-O Rac8 15. Bf4 Qb6 16. Qb3 Qxb3 17. axb3 $14) 11. Rd1 Qc7 12.
g3 Bb4 (12... Be7 $6 13. Bg2 Rc8 14. O-O O-O 15. Bf4 Qb6 16. Qb3 {and again
White gets a comfortable endgame advantage.}) 13. Bg2 O-O 14. Qb3 Ng4 15. Bf4
e5 16. Be3 Bxc3+ 17. Qxc3 Nxe3 18. fxe3 Rad8 {and Black is closing in on
equality. Still, this line clearly shows that Black is under some pressure.}) (
10. Bg5 {is less logical since it is Black's queenside that ought to be
attacked. After} e6 11. g3 Bb4 {White cannot play} 12. Bg2 $4 {due to} b5 13.
Qb3 Nd4 $1) 10... g6 {With white's king evacuating towards the queenside, it
is a good idea to aim the bishop towards b2.} 11. O-O-O Bg7 12. Bg5 {This is a
new move.} (12. Be3 Qc8 13. h3 $6 (13. g3 $5 {is more to the point, but I feel
Black should be fine here.}) 13... O-O 14. g4 {This arrangement is too slow
for White as it does not threaten the king while Black is not afraid to have
the knight kicked away from f6.} b5 15. Qb3 $6 Na5 (15... e6 $1 {[%csl Rb3]})
16. Qb4 {Blehm,P (2420)-Janssen,R (2345) Calicut 1998, was unclear.}) 12... Qg4
(12... Qf5 {is more ambitious. Perhaps Nakamura wanted to avoid Kramnik's
preparation, thinking "he probably thought I would keep the queens on, so I'll
swap them!". Maybe not.} 13. h4 (13. Bxf6 $2 Qxf6 {is absolutely horrendous
for White}) 13... O-O 14. f3 b5 15. Qf4 Qxf4+ 16. Bxf4 Rad8 {and Black's
pieces are working together very well.}) 13. Bxf6 {From a general
which-piece-ought-to-be-swapped point of view, this move is a bit surprising,
but it soon becomes obvious that it is a good move.} Qxa4 14. Nxa4 ({Not} 14.
Bxg7 $2 Qf4+ 15. Kb1 Rg8 $19) 14... Bxf6 15. c3 $1 {This move restricts both
the knight and the bishop. Black has no equivalent move to neutralise White's
minor pieces and thus Black's queenside comes under pressure.} e6 {At some
point Black must take control of d5 and this is as good a time as any.} ({
The active} 15... b5 {doesn't solve Black's problems:} 16. Nc5 (16. Nb6 Ra7 17.
g3 e6 18. Bg2 Nb8 $5 19. Rd3 O-O 20. Rhd1 $36) 16... O-O {and although there
are other ways to get some advantage, the principled} 17. Nd7 {seems the
simplest. After} Rfe8 18. Nxf6+ exf6 19. g3 Ne5 20. h3 Rac8 21. Kb1 {Black's
knight is not quite at par with the bishop.}) (15... Rc8 16. g3 Rc7 17. Nb6 e6)
16. g3 Rc8 17. Bg2 Be7 18. Rd2 h5 $1 {Since there is no way to exchange one's
way out of the pressure, priority number one becomes getting some counterplay.}
(18... O-O 19. Nb6 Rc7 20. Rhd1 Rd8 21. Rxd8+ Nxd8 22. Kc2 {and White has
terrific pressure on the queenside.}) 19. Rhd1 (19. h4 $2 {would reduce
White's winning chances significantly as the kingside pawns are set to be
chewed on by Black's bishop.}) 19... h4 20. Nb6 (20. g4 $2 Bg5) 20... Rc7 21.
Na8 {This kind of repetition saves time and also sends a message to the
opponent about who is in the driver's seat.} Rc8 22. Nb6 Rc7 (22... Rd8 23. b4
hxg3 24. hxg3 Rxd2 25. Rxd2 Rh2 26. Bxc6+ bxc6 27. a4 {, followed by Nc4, is
difficult for Black as both a6, c6 and - at some point - f7 are weak.}) 23. f4
$1 hxg3 24. hxg3 Rh5 (24... g5 $6 25. f5 $1 exf5 26. Nd5 Rc8 27. Rf2 {is just
awful for Black. Observe that} Rh2 $2 {fails due to} 28. Nb6 $1 {followed by
Bxc6+ and Rxh2.}) 25. Na8 $1 Rc8 26. Rd7 $1 {A wonderful concept built on the
strength of the unopposed bishop.} Rh2 (26... Rxa8 27. Rxb7 Rc8 (27... Nd8 28.
Rxe7+ Kxe7 29. Bxa8 $16) 28. Bxc6+ Rxc6 29. Rb8+ {and Black has to give up the
bishop.}) 27. Be4 $1 Re2 28. Bxc6 $2 {This move ruins it for Kramnik.} ({
The best move is} 28. Bf3 $1 {The point is that if Black plays} Re3 {, then} (
28... Rh2 29. Nb6 Rd8 30. Rxb7 $16) 29. Bxc6 bxc6 30. Nc7+ Kf8 31. Rh1 Bf6 32.
Rh7 Bg7 {looks almost exactly like the game, with the exception of the
placement of Black's active rook. In the game it is on e2, but here it is on
e3. But how can this be better for White? Now the rook is not just active but
also threatening a pawn! However, what is most important is that the rook is
not just on a casual stroll, window shopping for g-pawns, but on an important
mission to protect the e6-pawn. If the rook moves away White will strike with
Nxe6! So, White can continue with} 33. Kd2 $1 {and the rook ends up in a
pickle:} Re4 (33... Rxg3 $1 {might be the best still although} 34. Nxe6+ fxe6
35. Rdxg7 Rg2+ 36. Kc1 $1 (36. Ke3 Rxb2 37. Ra7 Kg8 {is less clear.}) 36...
Rg1+ 37. Kc2 Rg2+ 38. Kb3 Rb8+ 39. Rb7 Rxb7+ 40. Rxb7 Rg4 41. Ra7 Rxf4 42. Rxa6
g5 43. Rxc6 Kf7 44. a4 g4 45. Rd6 {and White should win.}) 34. b3 c5 35. Rh1 c4
36. b4 e5 37. f5 $1 gxf5 38. Rh5 Rg4 39. Rxf5 Rxg3 40. Ke2 $1 f6 41. Kf2 Rg4 (
41... Rxc3 $2 42. Ne6+) 42. a4 {with complete domination.}) 28... bxc6 29. Nc7+
Kf8 30. Rh1 Bf6 31. Nxa6 Ra8 $1 {Black's activity is no less valuable than
White's extra pawn.} 32. Nb4 (32. Rh7 $2 Rxa6 33. Rhxf7+ (33. Rdxf7+ Kg8) 33...
Ke8) 32... c5 33. Nd3 Rxa2 34. Kb1 Ra8 $1 35. Nxc5 Rb8 36. Rb7 Rxb7 37. Nxb7
Rg2 38. Rh3 g5 $1 {Improving the scope of the bishop and opening up a road
towards g4 for the king.} 39. fxg5 Bxg5 40. Nc5 Be7 $1 {If White's knight goes
to d3, the bishop will control it from d6. If the knight goes to e4, then the
bishop is already in the right spot and Black can play f7-f5.} 41. Nd3 Bd6 42.
Nf4 Rf2 43. Rh4 (43. b4 Ke7 $1 {and White cannot go forward with the pawns
without the support of the king.} (43... Bxf4 44. gxf4 Rxf4 45. Kb2 Ke7 46. Kb3
f5 {also works, but there is no reason for Black to hurry with such an
exchange.})) 43... Ke7 44. Rg4 Rf1+ 45. Kc2 Rf2+ 46. Kb3 Rd2 47. Rg8 Rf2 48.
Rg4 Rd2 49. Rg8 Rf2 1/2-1/2

[Event "Itau Mercosul Cup 3rd"]
[Site "Sao Paulo"]
[Date "1999.10.22"]
[Round "9"]
[White "Martinez, Carlos Alejandro"]
[Black "Disconzi da Silva, Rodrigo"]
[Result "1/2-1/2"]
[WhiteElo "2460"]
[BlackElo "2336"]
[Annotator "Hindemburg,Melao"]
[PlyCount "129"]
[EventDate "1999.10.??"]
[EventType "swiss"]
[EventRounds "9"]
[EventCountry "BRA"]
[SourceTitle "EXT 2000"]
[Source "ChessBase"]
[SourceDate "1999.11.16"]
[SourceVersion "1"]
[SourceVersionDate "1999.11.16"]
[SourceQuality "1"]

1. e4 c5 2. Nf3 d6 3. Bb5+ Nc6 (3... Bd7 4. Bxd7+ Qxd7 5. c4 Nc6 6. Nc3 Nf6 7.
O-O g6 8. d4 cxd4 9. Nxd4 Bg7 10. Nde2 Qe6 11. Nd5 Qxe4 12. Nc7+ Kd7 13. Nxa8
Qxc4 14. Nb6+ axb6 15. Nc3 Ra8 16. a4 Ne4 17. Nxe4 Qxe4 18. Qb3 f5 19. Bg5 Qb4
20. Qf7 Be5 21. h3 Rxa4 22. Rxa4 Qxa4 23. Qxh7 Bxb2 24. Qxg6 Qe4 25. Qf7 Bd4
26. Qb3 f4 27. Qf7 Be5 28. h4 b5 29. h5 Qc4 30. Qf5+ Qe6 31. Qxe6+ Kxe6 32. g3
fxg3 33. fxg3 b4 34. Bf4 Bd4+ 35. Kh1 b3 36. g4 Kd5 37. g5 e6 38. h6 Ne7 39.
Rd1 e5 40. Be3 Kc4 41. Bxd4 exd4 42. Kg2 b2 43. Kf3 Kc3 44. h7 Ng6 45. Ke4 Kc2
46. Rh1 d3 47. Kf5 b1=Q 48. Rxb1 Kxb1 49. Kxg6 d2 50. h8=Q d1=Q 51. Qh7 b5 52.
Kf6+ Kb2 53. Qh2+ Ka1 54. Qf4 b4 55. Qxb4 Qf3+ 56. Kg7 d5 57. Qd4+ Kb1 58. g6
Qe4 59. Qg1+ Kb2 60. Qf2+ Kc1 61. Kf6 d4 62. g7 {1-0 Kasparov,G-The World/
Internet MSN 1999}) 4. d4 cxd4 5. Qxd4 e5 (5... Bd7 {Pereira,S-Leal,P/São
Paulo 1999}) 6. Qd3 h6 7. Nc3 (7. c4 Nf6 8. Nc3 Be7 9. c5 O-O 10. Bxc6 bxc6 11.
cxd6 Bxd6 12. O-O Qe7 13. Rd1 Rd8 14. h3 a5 15. Qc2 Ba6 16. Na4 Rab8 17. Be3
Rb4 18. Nd2 Qe6 19. b3 Be7 20. Bb6 Bd3 21. Qb2 Rxb6 22. Nxb6 Bc5 23. Na4 Bd4
24. Nc3 Bxe4 25. Qc1 Bd5 26. Qc2 Bxg2 27. Kxg2 Nh5 28. Ne2 Bxa1 29. Rxa1 Qd5+
30. Nf3 Rd6 31. Qf5 Rg6+ 32. Kf1 Rf6 33. Qxh5 Rxf3 34. Re1 f5 35. Ng1 Rf4 36.
Qe8+ Kh7 37. Qxe5 Qd3+ 38. Kg2 Qd2 39. Re2 Qc1 40. Re1 Qd2 {1-0 Yandemirov,
V-Mukhametov,E/Podolsk 1992/EXT 97 (40)}) 7... Nf6 8. Nd2 {d2-f1-e3-d5} Be7 9.
Nf1 O-O 10. Ne3 Be6 11. O-O Rc8 12. a3 Nd4 13. Ba4 a6 14. Ncd5 b5 15. Bb3 Nd7
16. Nxe7+ Qxe7 17. Bd5 Nb6 18. c3 Bxd5 19. Nxd5 Nxd5 20. cxd4 Nf6 21. Re1 Rc4
22. Be3 Rfc8 23. f3 Qc7 24. dxe5 dxe5 25. Rad1 a5 26. b3 Rc3 27. Qxb5 Rb8 28.
Qa6 Rc6 29. Rc1 Rxa6 30. Rxc7 Rxb3 31. Bc1 Rd3 32. Kf2 a4 33. Re2 Rad6 34. Ra7
Rc6 35. Rd2 Rb3 36. Bb2 Nh5 37. Bxe5 $2 (37. Rxa4 $16) 37... Rxa3 $11 38. h4
Rc8 39. g4 Nf6 40. Bxf6 gxf6 41. Rd6 Kg7 42. Rdd7 Rf8 43. Kg3 Ra1 44. Kf4 a3
45. Kf5 a2 46. f4 Rb1 47. Rxa2 Rc8 48. Raa7 Rb5+ 49. Rd5 Rb6 50. Rad7 Ra8 51.
Rc7 Re8 52. Ra7 Rc6 53. Rb7 Ra6 54. Rc5 Rd6 55. Rcc7 Rf8 56. Re7 Ra6 57. Rb5
Rd8 58. h5 Rc8 59. Rbb7 Rf8 60. Rec7 Re6 61. Ra7 Rb6 62. Rd7 Rc6 63. Rac7 Ra6
64. Rc5 Rb6 65. Rcd5 1/2-1/2

[Event "Moscow Aeroflot op-A"]
[Site "Moscow"]
[Date "2006.02.11"]
[Round "4"]
[White "Efimenko, Zahar"]
[Black "Wang, Yue"]
[Result "1/2-1/2"]
[WhiteElo "2666"]
[BlackElo "2599"]
[Annotator "Kritz,L"]
[PlyCount "56"]
[EventDate "2006.02.08"]
[EventType "swiss"]
[EventRounds "9"]
[EventCountry "RUS"]
[SourceTitle "CBM 112"]
[Source "ChessBase"]
[SourceDate "2006.06.07"]
[SourceVersion "1"]
[SourceVersionDate "2006.06.07"]
[SourceQuality "1"]

1. e4 c5 2. Nf3 Nc6 3. Bb5 d6 {Andere Möglichkeiten für Schwarz sind:} (3... g6
4. Bxc6 dxc6 (4... bxc6 5. O-O Bg7 6. Re1 Nh6 (6... Nf6 7. e5 Nd5 8. c4 Nc7 9.
d4 cxd4 10. Qxd4 O-O 11. Qh4 $14) 7. c3 f6 8. d4 cxd4 9. cxd4 Nf7 10. Nc3 d6
11. b3 O-O 12. Bb2 $14) 5. d3 Bg7 6. h3 Nf6 7. Nc3 Nd7 8. Be3 e5 9. Qd2 h6 10.
O-O Qe7 11. Nh2 {/\f4 mit unklarem Spiel.}) (3... e6 4. O-O (4. Bxc6 $5 bxc6 5.
d3 {ist auch eine Alternative}) 4... Nge7 5. Re1 a6 6. Bf1 {mit langem
strategischem Spiel mit Chancen für beide Seiten}) (3... Nf6 4. Nc3 Qc7 5. O-O
Nd4 6. Re1 (6. Nxd4 cxd4 7. Nd5 Nxd5 8. exd5 Qc5 9. c4 a6 (9... dxc3 10. Qb3
$44) 10. b4 $132) 6... a6 7. Bf1 Ng4 8. g3 Nxf3+ 9. Qxf3 Ne5 10. Qe2 e6 11. d3
$132) 4. d4 (4. O-O {gilt hier als Hauptzug} Bd7 5. Re1 Nf6 6. c3 a6 7. Bf1 Bg4
8. d3 e6 (8... g6 $5 9. Nbd2 Bg7 10. h3 Bxf3 11. Nxf3 O-O 12. Be3 $14) 9. Nbd2
Be7 10. h3 Bh5 $13) 4... cxd4 5. Qxd4 (5. Nxd4 Bd7 6. Nc3 (6. Bxc6 bxc6 7. f4
g6 8. O-O Bg7 $13) (6. c4 Nf6 7. Nc3 g6 8. O-O Bg7 $13) 6... Nf6 7. O-O g6 {
und man kommt in die Drachenstellungen mit unnötigem Zug Bb5.}) 5... Bd7 (5...
Qa5+ 6. Nc3 Qxb5 7. Nxb5 Nxd4 8. Nfxd4 Kd8 9. a4 Nf6 10. f3 $14 {Weiß will Be3
spielen und danach versuchen mittels Nde2-a5 auf dem Damenflügel Initiative zu
entwickeln.}) 6. Bxc6 Bxc6 7. c4 (7. Nc3 {ist der andere Hauptzug} Nf6 8. Bg5
e6 9. O-O-O Be7 $11 {und Schwarz hat relativ wenig zu befürchten}) 7... f5 {
Dieser Zug sieht zwar interessant aus, führt aber in Wirklichkeit zu unklaren
Stellungen, wo Schwarz um Ausgleich kämpfen muss. Während das einfache Nf6 die
Stellung ausgleicht und es Schwarz erlaubt, im Mittelspiel mit normalen
Mitteln um Vorteil zu kämpfen.} (7... Nf6 8. Nc3 e6 (8... g6 {ist ebenfalls
spielbar} 9. O-O Bg7 10. Qd3 O-O 11. Nd4 Nd7 $132) 9. O-O (9. Bg5 Be7 10. Rd1
Qa5 11. O-O O-O $132) 9... Be7 10. b3 O-O 11. Bb2 a6 $132 {/\b5 Schwarz steht
sehr solide.}) 8. exf5 (8. Nc3 $2 e5 (8... fxe4 $5) 9. Qe3 fxe4 10. Nxe4 Nf6
$15 {hier kann sich Schwarz sehr schnell entwickeln und sein Läufer auf c6
bekommt alle Freiheiten der Welt.}) 8... Qa5+ 9. Nbd2 $1 {ein seltener aber
für Schwarz sehr unangenehmer Zug} (9. Nc3 Qxf5 10. Nd5 $5 e5 $1 (10... Bxd5
11. cxd5 Nf6 12. Qa4+ (12. Bg5 $5 Nxd5 13. O-O h6 14. Bh4 Kf7 {Swicarz -
Hracek (Pardubice, 2003)} 15. Qc4 $5 $44) 12... Kf7 (12... Nd7 13. Qb5 $1 $16)
(12... Qd7 13. Qb3 Qf5 14. Qb5+ (14. Qxb7 Qxd5 15. Qxd5 Nxd5 $11) 14... Qd7 15.
Qd3 $1 $16) 13. O-O Qxd5 (13... Nxd5 14. Qb3 $16) 14. Be3 $44) 11. Qd1 (11. Qe3
Bxd5 12. cxd5 Nf6 $11) 11... Rc8 (11... Qe4+ 12. Ne3 Nf6 13. O-O Be7 14. Ng5
Qg6 15. Ne6 Kf7 16. f4 $1 $16) 12. O-O Ne7 13. Be3 b5 $1 $13) 9... Qxf5 (9...
Bxf3 10. b4 $1 Qxb4 (10... Qxf5 11. Nxf3 $16 {strategisch gesehen hat Weiß mit
seinem Läufer den einzigen Trumpf abgegeben}) 11. Rb1 Qxb1 (11... Qc5 12. Qxc5
dxc5 13. Nxf3 b6 14. Ng5 $16) (11... Qa5 12. Rb5 Qxa2 13. Nxf3 $16) 12. Nxb1
Bxg2 13. Rg1 Bc6 14. Rxg7 $1 Nf6 (14... Bxg7 15. Qxg7 $18) 15. Rg3 $16 {
Stevic - Fercec (Zagreb, 2004)}) 10. O-O e5 11. Qe3 Qg6 (11... Nf6 12. Nd4 $14)
(11... Be7 12. c5 $1 dxc5 13. Nxe5 $14) 12. b4 $1 a6 13. Bb2 (13. a4 Nf6 14.
Bb2 {->13.Bb2} (14. b5 axb5 15. axb5 Rxa1 16. bxc6 bxc6 17. Nxe5 $1 Qh6 $1 18.
Qxh6 gxh6 19. Nxc6 Bg7 $13 {Diese Komplikationen hat Weiß aber nicht nötig, da
er nach 13.Bb2 besser steht.})) 13... Nf6 14. a4 Be7 15. b5 Bxf3 (15... Bd7 16.
Ba3 $1 O-O $2 17. Nxe5 $1 $16) 16. Qxf3 $14 {Schwarz hat seine beste Figur
tauschen müssen und steht daher klar schlechter.} Rb8 17. c5 Qc2 18. Qc3 Qxc3
19. Bxc3 Rc8 20. bxa6 bxa6 21. cxd6 Rxc3 22. dxe7 Kxe7 23. Rfe1 Nd7 24. f4 Rb8
25. Ra2 Rbc8 26. Nf3 Rc1 27. Rae2 Rxe1+ 28. Rxe1 Rc4 1/2-1/2